| 000 | 00716nam a22002890a 4500 | ||
|---|---|---|---|
| 001 | PT59200 | ||
| 003 | AR-LpoUNG | ||
| 005 | 20260120152234.0 | ||
| 008 | 201001s2017||||ag |||||||||||||||||spa d | ||
| 020 |
_a9789876302753 _c$4 |
||
| 040 |
_aAR-LpoUNG _bspa _eaacr |
||
| 041 | _aspa | ||
| 044 | _aag | ||
| 082 | 0 | _aA863 985elv | |
| 100 | 1 | _aMuslip, Eduardo | |
| 245 | 1 | 0 | _aElvira |
| 250 | _a1ra. ed. | ||
| 260 |
_aLos Polvorines : _bUniversidad Nacional de General Sarmiento, _c2017. |
||
| 300 |
_a24 p. : _btbls., gráfs. |
||
| 490 | 0 | _aContra Tiempos | |
| 650 | 4 | _aARGENTINA | |
| 650 | 4 | _aCUENTOS | |
| 650 | 4 | _aLITERATURA | |
| 653 | 0 | _aLITERATURA ARGENTINA | |
| 905 | _a59200 | ||
| 942 |
_cLIB _2ddc |
||
| 999 |
_c51512 _d51512 |
||